[Event "WinterChess masters IM enero 2013"]
[Site "Palma de Mallorca ESP"]
[Date "2013.01.14"]
[Round "1.1"]
[White "Gavilan Diaz, Mario"]
[Black "Dimitrijeski, Boris"]
[Result "1/2-1/2"]
[WhiteElo "2255"]
[BlackElo "2241"]
[PlyCount "53"]
[EventDate "2013.01.14"]
[EventType "tourn"]
[EventRounds "9"]
[EventCountry "ESP"]
[EventCategory "2"]
[Source "lmi"]
[SourceDate "2013.01.14"]

1. d4 d5 2. c4 c6 3. Nf3 Nf6 4. Nc3 a6 5. a4 e6 6. e3 a5 7. Be2 Na6 8. O-O Bd6
9. Nd2 O-O 10. Bf3 e5 11. dxe5 Bxe5 12. cxd5 cxd5 13. Nb3 Nb4 14. Nd4 Qb6 15.
Ncb5 Ne4 16. g3 Bh3 17. Bg2 Bxg2 18. Kxg2 Rac8 19. Bd2 Nxd2 20. Qxd2 Rc5 21.
Rac1 Rfc8 22. Rc3 g6 23. Rfc1 Kg7 24. h4 h5 25. Kh2 Bf6 26. Kg2 Be5 27. Kh2
1/2-1/2

[Event "WinterChess masters IM enero 2013"]
[Site "Palma de Mallorca ESP"]
[Date "2013.01.14"]
[Round "1.2"]
[White "Lyell, Mark"]
[Black "Simonian, Tigran"]
[Result "1/2-1/2"]
[WhiteElo "2235"]
[BlackElo "2409"]
[PlyCount "52"]
[EventDate "2013.01.14"]
[EventType "tourn"]
[EventRounds "9"]
[EventCountry "ESP"]
[EventCategory "2"]
[Source "lmi"]
[SourceDate "2013.01.14"]

1. e4 c5 2. Nf3 Nc6 3. Bb5 e6 4. Bxc6 bxc6 5. b3 Ne7 6. Bb2 d6 7. e5 dxe5 8.
Nxe5 f6 9. Nc4 Ng6 10. O-O e5 11. Qf3 Qd5 12. Qg3 Be7 13. Nc3 Qe6 14. Ne4 O-O
15. Qe3 Nf4 16. Rae1 Qg4 17. g3 Qg6 18. f3 Nd5 19. Qe2 Nf4 20. Qe3 Bh3 21. Rf2
Bd7 22. Kh1 Nd5 23. Qe2 Qh5 24. Ba3 Nb4 25. Ne3 Kh8 26. c3 f5 1/2-1/2

[Event "WinterChess masters IM enero 2013"]
[Site "Palma de Mallorca ESP"]
[Date "2013.01.14"]
[Round "1.3"]
[White "Weimann, Maximilian"]
[Black "Buscara, Sevan"]
[Result "0-1"]
[WhiteElo "2157"]
[BlackElo "2326"]
[PlyCount "81"]
[EventDate "2013.01.14"]
[EventType "tourn"]
[EventRounds "9"]
[EventCountry "ESP"]
[EventCategory "2"]
[Source "lmi"]
[SourceDate "2013.01.14"]

1. e4 c6 2. c4 d5 3. cxd5 cxd5 4. exd5 Nf6 5. Qa4+ Nbd7 6. Nc3 g6 7. Bc4 Bg7 8.
d3 O-O 9. Nf3 a6 10. Qa3 b6 11. O-O Bb7 12. Re1 Re8 13. d6 e6 14. Ng5 b5 15.
Bb3 h6 16. Nge4 Nd5 17. Nc5 b4 18. Nxb7 bxa3 19. Nxd8 Raxd8 20. Na4 Nb4 21. Rd1
Ne5 22. d4 Nec6 23. bxa3 Nxd4 24. axb4 Nxb3 25. axb3 Bxa1 26. Be3 Be5 27. d7
Re7 28. Nb6 f6 29. Bc5 Rf7 30. Re1 Kg7 31. g3 g5 32. h3 Kg6 33. Re2 h5 34. Ra2
Bc7 35. Rxa6 Bxb6 36. Rxb6 Kf5 37. b5 Rfxd7 38. Ra6 Rb7 39. b6 g4 40. h4 e5 41.
Ra1 0-1

[Event "WinterChess masters IM enero 2013"]
[Site "Palma de Mallorca ESP"]
[Date "2013.01.14"]
[Round "1.5"]
[White "Hirneise, Jens"]
[Black "Ivanov, Jordan"]
[Result "0-1"]
[WhiteElo "2327"]
[BlackElo "2351"]
[PlyCount "72"]
[EventDate "2013.01.14"]
[EventType "tourn"]
[EventRounds "9"]
[EventCountry "ESP"]
[EventCategory "2"]
[Source "lmi"]
[SourceDate "2013.01.14"]

1. e4 c5 2. Nf3 e6 3. d4 cxd4 4. Nxd4 a6 5. Nc3 Qc7 6. Bd3 Nf6 7. f4 d6 8. Qf3
b5 9. Be3 Bb7 10. O-O-O Nc6 11. Kb1 Be7 12. g4 O-O 13. h4 Nd7 14. g5 Nxd4 15.
Bxd4 b4 16. Ne2 e5 17. Be3 exf4 18. Nxf4 Ne5 19. Qe2 a5 20. Nd5 Bxd5 21. exd5
Rfe8 22. h5 Nxd3 23. Qxd3 Rac8 24. Rhf1 g6 25. Rxf7 Qxc2+ 26. Qxc2 Rxc2 27. Rf3
Rg2 28. hxg6 hxg6 29. Bb6 Bxg5 30. Rdf1 a4 31. Ba5 Bd2 32. Bc7 Bh6 33. Bxd6
Ree2 34. Bf4 Rxb2+ 35. Kc1 Rxa2 36. Kb1 Bg7 0-1

[Event "WinterChess masters IM enero 2013"]
[Site "Palma de Mallorca ESP"]
[Date "2013.01.15"]
[Round "2.1"]
[White "Dimitrijeski, Boris"]
[Black "Ivanov, Jordan"]
[Result "1-0"]
[WhiteElo "2241"]
[BlackElo "2351"]
[PlyCount "55"]
[EventDate "2013.01.14"]
[EventType "tourn"]
[EventRounds "9"]
[EventCountry "ESP"]
[EventCategory "2"]
[Source "lmi"]
[SourceDate "2013.01.14"]

1. d4 d5 2. c4 dxc4 3. Nf3 c5 4. e3 cxd4 5. Bxc4 Qc7 6. Bb3 dxe3 7. Bxe3 e6 8.
O-O Nf6 9. Nc3 a6 10. Rc1 Nc6 11. Na4 Bd6 12. Nb6 Rb8 13. Nc4 Bf4 14. Bc5 Ne4
15. Bb6 Qe7 16. Re1 f5 17. Rc2 O-O 18. g3 Bc7 19. Bxc7 Qxc7 20. Nce5 Rd8 21.
Qc1 Qb6 22. Nxc6 bxc6 23. Ng5 Nxg5 24. Qxg5 Qa5 25. Rce2 c5 26. Bxe6+ Bxe6 27.
Rxe6 Qd2 28. Re8+ 1-0

[Event "WinterChess masters IM enero 2013"]
[Site "Palma de Mallorca ESP"]
[Date "2013.01.15"]
[Round "2.2"]
[White "Mascaro March, Pedro"]
[Black "Hirneise, Jens"]
[Result "1-0"]
[WhiteElo "2385"]
[BlackElo "2327"]
[PlyCount "71"]
[EventDate "2013.01.14"]
[EventType "tourn"]
[EventRounds "9"]
[EventCountry "ESP"]
[EventCategory "2"]
[Source "lmi"]
[SourceDate "2013.01.14"]

1. d4 Nf6 2. c4 g6 3. Nc3 Bg7 4. Nf3 O-O 5. Bg5 c5 6. e3 Qa5 7. Qd2 d6 8. Bxf6
Bxf6 9. Nd5 Qxd2+ 10. Nxd2 Nd7 11. Ne4 cxd4 12. Nexf6+ Nxf6 13. Nxf6+ exf6 14.
exd4 Re8+ 15. Kd2 Bf5 16. Bd3 Be4 17. f3 Bxd3 18. Kxd3 Re6 19. d5 Re5 20. f4
Re7 21. Rhe1 Rae8 22. Rxe7 Rxe7 23. b4 Kf8 24. c5 Ke8 25. cxd6 Rd7 26. Re1+ Kd8
27. Re7 Rxe7 28. dxe7+ Kxe7 29. Kd4 Kd6 30. a4 f5 31. h4 f6 32. g3 h5 33. a5
Kc7 34. Kc5 Kd7 35. d6 Kd8 36. a6 1-0

[Event "WinterChess masters IM enero 2013"]
[Site "Palma de Mallorca ESP"]
[Date "2013.01.15"]
[Round "2.3"]
[White "Buscara, Sevan"]
[Black "Arvola, Benjamin"]
[Result "1-0"]
[WhiteElo "2326"]
[BlackElo "2309"]
[PlyCount "71"]
[EventDate "2013.01.14"]
[EventType "tourn"]
[EventRounds "9"]
[EventCountry "ESP"]
[EventCategory "2"]
[Source "lmi"]
[SourceDate "2013.01.14"]

1. Nf3 Nf6 2. g3 b6 3. Bg2 Bb7 4. O-O e6 5. c4 c5 6. Nc3 Be7 7. b3 O-O 8. Bb2
a6 9. d4 cxd4 10. Qxd4 d6 11. Rad1 b5 12. cxb5 axb5 13. a3 Nc6 14. Qf4 Qb6 15.
b4 Rfc8 16. Qg5 Na7 17. Rd3 h6 18. Qd2 Rc4 19. Rd1 Rac8 20. Ba1 Bf8 21. Rd4
R4c7 22. Rh4 e5 23. g4 Rxc3 24. Bxc3 Ne4 25. Bd4 exd4 26. Qxd4 Qxd4 27. Nxd4
Be7 28. Rh3 Bf6 29. Nf5 d5 30. Bxe4 dxe4 31. Rd7 Rc1+ 32. Kg2 Bc6 33. Rxa7 e3+
34. f3 Kf8 35. Ra6 Bd5 36. Nxe3 1-0

[Event "WinterChess masters IM enero 2013"]
[Site "Palma de Mallorca ESP"]
[Date "2013.01.15"]
[Round "2.4"]
[White "Simonian, Tigran"]
[Black "Weimann, Maximilian"]
[Result "1-0"]
[WhiteElo "2409"]
[BlackElo "2157"]
[PlyCount "90"]
[EventDate "2013.01.14"]
[EventType "tourn"]
[EventRounds "9"]
[EventCountry "ESP"]
[EventCategory "2"]
[Source "lmi"]
[SourceDate "2013.01.14"]

1. Nf3 d5 2. e3 Nf6 3. c4 e6 4. Nc3 c5 5. d4 a6 6. a3 dxc4 7. Bxc4 b5 8. Ba2
Bb7 9. O-O Be7 10. Re1 O-O 11. Qe2 Nbd7 12. h3 b4 13. axb4 cxb4 14. Na4 Bd5 15.
Bxd5 exd5 16. Bd2 Ne4 17. Rec1 Qb8 18. b3 Qb7 19. Nb2 Bd6 20. Ra5 Bc7 21. Ra2
Rfc8 22. Nd3 Bd6 23. Rac2 a5 24. Be1 Qa6 25. g3 h6 26. Kg2 Kh7 27. Nh4 g6 28.
Nf3 Kg7 29. h4 h5 30. Qd1 Qb7 31. Ng1 Be7 32. Nh3 Bd6 33. Ng1 Be7 34. Ne2 Bd6
35. f3 Nef6 36. Nc5 Bxc5 37. dxc5 Ne5 38. Nd4 a4 39. c6 Qe7 40. bxa4 Nc4 41.
Re2 Nxe3+ 42. Rxe3 Qxe3 43. Ne2 Qa3 44. Ra1 Qe3 45. Bd2 Qe7 1-0

[Event "WinterChess masters IM enero 2013"]
[Site "Palma de Mallorca ESP"]
[Date "2013.01.15"]
[Round "2.5"]
[White "Gavilan Diaz, Mario"]
[Black "Lyell, Mark"]
[Result "0-1"]
[WhiteElo "2255"]
[BlackElo "2235"]
[PlyCount "54"]
[EventDate "2013.01.14"]
[EventType "tourn"]
[EventRounds "9"]
[EventCountry "ESP"]
[EventCategory "2"]
[Source "lmi"]
[SourceDate "2013.01.14"]

1. e4 c6 2. d4 d5 3. e5 c5 4. dxc5 Nc6 5. Nf3 e6 6. Be3 Nh6 7. c3 Nf5 8. Bd4
Bd7 9. Bd3 Nfxd4 10. cxd4 b6 11. O-O bxc5 12. dxc5 Bxc5 13. Nbd2 Rc8 14. Nb3
Bb6 15. Qd2 O-O 16. Rac1 f6 17. Qe2 Nxe5 18. Nxe5 fxe5 19. Rxc8 Bxc8 20. Qxe5
Qf6 21. Qxf6 Rxf6 22. g3 e5 23. Kg2 e4 24. Bb1 Ba6 25. Rd1 Rxf2+ 26. Kh3 Bf1+
27. Kh4 Bd8+ 0-1

[Event "WinterChess masters IM enero 2013"]
[Site "Palma de Mallorca ESP"]
[Date "2013.01.16"]
[Round "3.1"]
[White "Lyell, Mark"]
[Black "Dimitrijeski, Boris"]
[Result "1/2-1/2"]
[WhiteElo "2235"]
[BlackElo "2241"]
[PlyCount "70"]
[EventDate "2013.01.14"]
[EventType "tourn"]
[EventRounds "9"]
[EventCountry "ESP"]
[EventCategory "2"]
[Source "lmi"]
[SourceDate "2013.01.14"]

1. e4 c6 2. d4 d5 3. e5 Bf5 4. Nd2 e6 5. Nb3 Nd7 6. Nf3 a6 7. Be3 Rc8 8. Be2 c5
9. O-O Bxc2 10. Qd2 Bxb3 11. axb3 Ne7 12. b4 cxb4 13. Qxb4 Qb6 14. Qa4 Nc6 15.
Rfc1 Be7 16. Rc2 O-O 17. Rac1 Ndb8 18. Bd2 Rce8 19. Rc3 Bb4 20. Rxc6 Nxc6 21.
Rxc6 Qxc6 22. Qxc6 bxc6 23. Bxb4 Rb8 24. Bxf8 Rxb2 25. Bxa6 Rb1+ 26. Bf1 Kxf8
27. g3 c5 28. dxc5 Rc1 29. Nd4 Rxc5 30. f4 h5 31. Kf2 Ra5 32. f5 exf5 33. Nxf5
d4 34. Nxd4 Rxe5 35. h4 Ra5 1/2-1/2

[Event "WinterChess masters IM enero 2013"]
[Site "Palma de Mallorca ESP"]
[Date "2013.01.16"]
[Round "3.2"]
[White "Weimann, Maximilian"]
[Black "Gavilan Diaz, Mario"]
[Result "0-1"]
[WhiteElo "2157"]
[BlackElo "2255"]
[PlyCount "62"]
[EventDate "2013.01.14"]
[EventType "tourn"]
[EventRounds "9"]
[EventCountry "ESP"]
[EventCategory "2"]
[Source "lmi"]
[SourceDate "2013.01.14"]

1. e4 e6 2. d4 d5 3. Nc3 Nf6 4. e5 Nfd7 5. f4 c5 6. Nf3 Nc6 7. Be3 a6 8. Qd2
cxd4 9. Nxd4 Bc5 10. O-O-O O-O 11. Nb3 Bb4 12. Be2 b5 13. h4 Nb6 14. Bd4 Nc4
15. Qd3 Rb8 16. g4 a5 17. h5 a4 18. Nd2 a3 19. b3 Nb2 20. Qe3 Nxd1 21. Rxd1
Nxd4 22. Qxd4 Qa5 23. Ncb1 Bd7 24. Nf3 Rfc8 25. Qd3 Bc3 26. Rg1 Bb2+ 27. Kd1
Qb4 28. Ng5 Qd4 29. Rh1 Qxf4 30. Qxh7+ Kf8 31. Nxe6+ Bxe6 0-1

[Event "WinterChess masters IM enero 2013"]
[Site "Palma de Mallorca ESP"]
[Date "2013.01.16"]
[Round "3.3"]
[White "Arvola, Benjamin"]
[Black "Simonian, Tigran"]
[Result "0-1"]
[WhiteElo "2309"]
[BlackElo "2409"]
[PlyCount "128"]
[EventDate "2013.01.14"]
[EventType "tourn"]
[EventRounds "9"]
[EventCountry "ESP"]
[EventCategory "2"]
[Source "lmi"]
[SourceDate "2013.01.14"]

1. d4 d5 2. c4 e6 3. Nf3 Nf6 4. g3 dxc4 5. Bg2 Bb4+ 6. Bd2 c5 7. dxc5 Bxc5 8.
Qa4+ Nbd7 9. O-O O-O 10. Qxc4 b5 11. Qb3 Bb7 12. Qxb5 Rb8 13. Qa4 Bxf3 14. Bxf3
Rxb2 15. Bc3 Rb8 16. Nd2 Qe7 17. Rac1 Nb6 18. Qa6 Nbd5 19. Nb3 Nxc3 20. Rxc3
Bb6 21. Rfc1 e5 22. Na5 Qe6 23. Nc6 Rbe8 24. e3 e4 25. Bd1 h5 26. a4 h4 27. a5
hxg3 28. hxg3 Bc7 29. Qxa7 Bxg3 30. fxg3 Qh3 31. Qd4 Qxg3+ 32. Kf1 Re6 33. R1c2
Rd6 34. Rg2 Rxd4 35. Rxg3 Rxd1+ 36. Ke2 Ra1 37. Ne7+ Kh8 38. Rh3+ Nh7 39. Rc5
Ra2+ 40. Ke1 g6 41. Nd5 Rb8 42. Nc3 Rc2 43. Kd1 Rg2 44. a6 Rg1+ 45. Kc2 Ra1 46.
Rc7 Kg7 47. a7 Ra8 48. Nb5 Ng5 49. Rh4 Ne6 50. Rb7 Ra5 51. Rb8 R5xa7 52. Rxa8
Rxa8 53. Rxe4 Ra2+ 54. Kd1 Ng5 55. Rf4 Nh3 56. Rd4 f5 57. Ke1 Ng5 58. Rd7+ Kh6
59. Nd4 Kh5 60. Rg7 Kh6 61. Rb7 Ne4 62. Rb6 Kh5 63. Re6 Ng3 64. Rf6 Ra1+ 0-1

[Event "WinterChess masters IM enero 2013"]
[Site "Palma de Mallorca ESP"]
[Date "2013.01.16"]
[Round "3.4"]
[White "Hirneise, Jens"]
[Black "Buscara, Sevan"]
[Result "0-1"]
[WhiteElo "2327"]
[BlackElo "2326"]
[PlyCount "60"]
[EventDate "2013.01.14"]
[EventType "tourn"]
[EventRounds "9"]
[EventCountry "ESP"]
[EventCategory "2"]
[Source "lmi"]
[SourceDate "2013.01.14"]

1. e4 d5 2. exd5 Qxd5 3. Nc3 Qa5 4. d4 Nf6 5. Bd2 Bg4 6. f3 Bf5 7. g4 Bg6 8. f4
e6 9. f5 exf5 10. g5 Nfd7 11. Qe2+ Kd8 12. Bg2 Nc6 13. Bxc6 bxc6 14. Qf3 Bd6
15. Qxc6 Re8+ 16. Kf2 Rb8 17. Nf3 Re6 18. Qa4 Qb6 19. Rhe1 Bh5 20. Qc4 Bxf3 21.
Rxe6 fxe6 22. Kxf3 Bxh2 23. Kg2 Qd6 24. Kh1 Rb4 25. Qe2 Rxd4 26. Rd1 Rh4 27.
Be1 Qc6+ 28. Qg2 Bg3+ 29. Kg1 Qc5+ 30. Kf1 Rf4+ 0-1

[Event "WinterChess masters IM enero 2013"]
[Site "Palma de Mallorca ESP"]
[Date "2013.01.16"]
[Round "3.5"]
[White "Ivanov, Jordan"]
[Black "Mascaro March, Pedro"]
[Result "1/2-1/2"]
[WhiteElo "2351"]
[BlackElo "2385"]
[PlyCount "23"]
[EventDate "2013.01.14"]
[EventType "tourn"]
[EventRounds "9"]
[EventCountry "ESP"]
[EventCategory "2"]
[Source "lmi"]
[SourceDate "2013.01.14"]

1. d4 Nf6 2. c4 e6 3. Nc3 d5 4. Nf3 c5 5. e3 Nc6 6. a3 Ne4 7. Be2 Nxc3 8. bxc3
cxd4 9. Nxd4 Nxd4 10. Qxd4 dxc4 11. Qxd8+ Kxd8 12. Bxc4 1/2-1/2

[Event "WinterChess masters IM enero 2013"]
[Site "Palma de Mallorca ESP"]
[Date "2013.01.16"]
[Round "4.1"]
[White "Dimitrijeski, Boris"]
[Black "Mascaro March, Pedro"]
[Result "1-0"]
[WhiteElo "2241"]
[BlackElo "2385"]
[PlyCount "65"]
[EventDate "2013.01.14"]
[EventType "tourn"]
[EventRounds "9"]
[EventCountry "ESP"]
[EventCategory "2"]
[Source "lmi"]
[SourceDate "2013.01.14"]

1. d4 Nf6 2. c4 e6 3. g3 d5 4. Nf3 dxc4 5. Bg2 a6 6. Ne5 Bb4+ 7. Nc3 Nd5 8. Bd2
Bxc3 9. bxc3 b5 10. O-O Bb7 11. e4 Nf6 12. Bg5 Nbd7 13. Nxd7 Qxd7 14. Bxf6 gxf6
15. Qh5 Qe7 16. a4 e5 17. axb5 axb5 18. Rxa8+ Bxa8 19. f4 O-O 20. d5 Re8 21.
Kh1 exf4 22. gxf4 Kh8 23. Re1 Qa3 24. Qxf7 Rf8 25. Qxc7 Qxc3 26. Rg1 Rg8 27.
Qe7 Qd4 28. e5 Qxf4 29. exf6 Qg5 30. Qe6 Rf8 31. Be4 Qf4 32. Qe7 Qh6 33. Qg7+
1-0

[Event "WinterChess masters IM enero 2013"]
[Site "Palma de Mallorca ESP"]
[Date "2013.01.16"]
[Round "4.2"]
[White "Buscara, Sevan"]
[Black "Ivanov, Jordan"]
[Result "1-0"]
[WhiteElo "2326"]
[BlackElo "2351"]
[PlyCount "79"]
[EventDate "2013.01.14"]
[EventType "tourn"]
[EventRounds "9"]
[EventCountry "ESP"]
[EventCategory "2"]
[Source "lmi"]
[SourceDate "2013.01.14"]

1. d4 Nf6 2. Bf4 d6 3. Nf3 g6 4. e3 Bg7 5. Be2 O-O 6. O-O Nc6 7. c4 e5 8. dxe5
Ne4 9. h3 Nxe5 10. Nd4 Re8 11. Nd2 Nc5 12. N2b3 Ne6 13. Bg3 a5 14. Rc1 a4 15.
Nxe6 Bxe6 16. Nd4 Bd7 17. Qd2 Nc6 18. Nb5 Ne7 19. Rfd1 Nf5 20. Bf4 Bc6 21. c5
Be5 22. Qb4 Bxf4 23. Qxf4 Re4 24. Qh2 Bxb5 25. Bxb5 Rb4 26. Bc4 Rxb2 27. e4 Ng7
28. cxd6 cxd6 29. Rxd6 Qh4 30. Bxf7+ Kxf7 31. Rd7+ Kg8 32. Rxg7+ Kxg7 33. Qe5+
Kh6 34. Qxb2 Qxe4 35. Qd2+ g5 36. h4 Qxh4 37. Qd6+ Kh5 38. f3 Qf4 39. g4+ Kh4
40. Kg2 1-0

[Event "WinterChess masters IM enero 2013"]
[Site "Palma de Mallorca ESP"]
[Date "2013.01.16"]
[Round "4.3"]
[White "Simonian, Tigran"]
[Black "Hirneise, Jens"]
[Result "1/2-1/2"]
[WhiteElo "2409"]
[BlackElo "2327"]
[PlyCount "57"]
[EventDate "2013.01.14"]
[EventType "tourn"]
[EventRounds "9"]
[EventCountry "ESP"]
[EventCategory "2"]
[Source "lmi"]
[SourceDate "2013.01.14"]

1. d4 Nf6 2. c4 e6 3. Nf3 b6 4. Nc3 Bb4 5. Bg5 Bb7 6. Nd2 O-O 7. e4 Be7 8. Bd3
d6 9. O-O e5 10. Nb3 a5 11. a4 Nc6 12. Be3 Nb4 13. Nd5 Nfxd5 14. exd5 Nxd3 15.
Qxd3 Bf6 16. Rfe1 Re8 17. dxe5 Bxe5 18. Bd4 Qf6 19. Re3 Re7 20. Rae1 Rae8 21.
g3 Bc8 22. f4 Bxd4 23. Nxd4 Bd7 24. b3 g6 25. Kf2 h5 26. Qc3 Rxe3 27. Rxe3 Rxe3
28. Qxe3 h4 29. Kf3 1/2-1/2

[Event "WinterChess masters IM enero 2013"]
[Site "Palma de Mallorca ESP"]
[Date "2013.01.16"]
[Round "4.4"]
[White "Gavilan Diaz, Mario"]
[Black "Arvola, Benjamin"]
[Result "0-1"]
[WhiteElo "2255"]
[BlackElo "2309"]
[PlyCount "96"]
[EventDate "2013.01.14"]
[EventType "tourn"]
[EventRounds "9"]
[EventCountry "ESP"]
[EventCategory "2"]
[Source "lmi"]
[SourceDate "2013.01.14"]

1. d4 Nf6 2. c4 e6 3. Nc3 Bb4 4. Qc2 O-O 5. e4 c5 6. dxc5 Nc6 7. Nf3 Bxc5 8.
Bg5 h6 9. Bh4 Nd4 10. Qd2 Nxf3+ 11. gxf3 Be7 12. e5 Ne8 13. Bxe7 Qxe7 14. Rg1
Qh4 15. O-O-O b6 16. Rg3 f5 17. exf6 Qxf6 18. Kb1 Qf4 19. Qc2 Rf7 20. Bd3 Ba6
21. Qa4 Nc7 22. Bg6 Re7 23. Be4 Rd8 24. Qb4 d6 25. c5 Qf8 26. cxd6 Red7 27. Bc2
Rxd6 28. Rxd6 Qxd6 29. Qg4 Qe5 30. Rg1 Bd3 31. Bxd3 Rxd3 32. Qe4 Qxe4 33. fxe4
Rf3 34. Rg2 e5 35. Kc2 Ne6 36. Nd5 Kf7 37. Kd2 g5 38. Ke2 Nd4+ 39. Kd2 Rh3 40.
Rg3 Rxh2 41. Ke1 Rh1+ 42. Kd2 Rb1 43. Rh3 Rxb2+ 44. Kd3 Kg7 45. Rh1 Rxa2 46.
Rc1 Ra3+ 47. Kc4 Rf3 48. Ra1 b5+ 0-1

[Event "WinterChess masters IM enero 2013"]
[Site "Palma de Mallorca ESP"]
[Date "2013.01.16"]
[Round "4.5"]
[White "Lyell, Mark"]
[Black "Weimann, Maximilian"]
[Result "1-0"]
[WhiteElo "2235"]
[BlackElo "2157"]
[PlyCount "83"]
[EventDate "2013.01.14"]
[EventType "tourn"]
[EventRounds "9"]
[EventCountry "ESP"]
[EventCategory "2"]
[Source "lmi"]
[SourceDate "2013.01.14"]

1. e4 c5 2. Nf3 e6 3. c3 d5 4. e5 d4 5. g3 Nc6 6. Bg2 Nge7 7. O-O Ng6 8. Re1
Be7 9. d3 Qc7 10. Na3 a6 11. h4 dxc3 12. bxc3 Ncxe5 13. Nxe5 Nxe5 14. Bf4 Bd6
15. d4 Nd7 16. Bxd6 Qxd6 17. Nc4 Qc7 18. d5 O-O 19. d6 Qd8 20. a4 Rb8 21. a5 b5
22. axb6 Nxb6 23. Ne5 Bb7 24. Bxb7 Rxb7 25. Rxa6 Nd5 26. c4 Nb4 27. Nc6 Qd7 28.
Nxb4 Rxb4 29. Qd3 Rfb8 30. Rea1 g6 31. Ra7 R4b7 32. Rxb7 Qxb7 33. h5 Qb2 34.
Rd1 gxh5 35. d7 Rd8 36. Qe3 Qf6 37. Qxc5 h4 38. Qd4 Qf3 39. Rd3 Qc6 40. f4 e5
41. Qxe5 f6 42. Qe7 1-0

[Event "WinterChess masters IM enero 2013"]
[Site "Palma de Mallorca ESP"]
[Date "2013.01.17"]
[Round "5.1"]
[White "Weimann, Maximilian"]
[Black "Arvola, Benjamin"]
[Result "1/2-1/2"]
[WhiteElo "2157"]
[BlackElo "2241"]
[PlyCount "131"]
[EventDate "2013.01.14"]
[EventType "tourn"]
[EventRounds "9"]
[EventCountry "ESP"]
[EventCategory "2"]
[Source "lmi"]
[SourceDate "2013.01.14"]

1. e4 e6 2. d4 d5 3. Nc3 Nf6 4. e5 Nfd7 5. f4 c5 6. Nf3 Nc6 7. Be3 a6 8. Qd2 b5
9. Bd3 Qb6 10. Qf2 Bb7 11. O-O Be7 12. f5 O-O-O 13. dxc5 Qc7 14. Nd4 Ndxe5 15.
b3 Rhf8 16. a4 Nxd3 17. cxd3 b4 18. Nce2 e5 19. Nxc6 Bxc6 20. d4 f6 21. Nc1 g5
22. a5 Bb5 23. Rd1 Rg8 24. g3 e4 25. h3 Kb7 26. Bd2 Rde8 27. Na2 Qxa5 28. Nxb4
Qd8 29. c6+ Ka7 30. Nxa6 e3 31. Nc5+ Kb8 32. Bxe3 Bxc5 33. dxc5 Re4 34. Qa2
Bxc6 35. Qa7+ Kc8 36. Ra6 Qc7 37. Qxc7+ Kxc7 38. Kf2 Rge8 39. Bd4 Re2+ 40. Kf3
h5 41. g4 h4 42. Ra7+ Kc8 43. Ra6 Bb7 44. Rxf6 Rh2 45. Ra1 Rxh3+ 46. Kf2 Rd3
47. c6 Rxd4 48. cxb7+ Kxb7 49. Raa6 Rf4+ 50. Kg2 Rxg4+ 51. Kf2 Rf4+ 52. Kg2
Re2+ 53. Kg1 Re1+ 54. Kg2 Re2+ 55. Kg1 Rb4 56. Rad6 Rxb3 57. Rf7+ Kc8 58. Rc6+
Kb8 59. Kf1 Rd2 60. Rc1 h3 61. Re1 Rb7 62. Rf8+ Ka7 63. Ra1+ Kb6 64. Rb1+ Ka7
65. Ra1+ Kb6 66. Rb1+ 1/2-1/2

[Event "WinterChess masters IM enero 2013"]
[Site "Palma de Mallorca ESP"]
[Date "2013.01.17"]
[Round "5.2"]
[White "Arvola, Benjamin"]
[Black "Lyell, Mark"]
[Result "1-0"]
[WhiteElo "2309"]
[BlackElo "2235"]
[PlyCount "117"]
[EventDate "2013.01.14"]
[EventType "tourn"]
[EventRounds "9"]
[EventCountry "ESP"]
[EventCategory "2"]
[Source "lmi"]
[SourceDate "2013.01.14"]

1. d4 d5 2. c4 dxc4 3. Nf3 Nf6 4. g3 c5 5. Qa4+ Nc6 6. dxc5 e6 7. Bg2 Bd7 8.
Qxc4 Qa5+ 9. Nbd2 Qxc5 10. O-O Rc8 11. a3 b5 12. Qxc5 Bxc5 13. b4 Bb6 14. Bb2
Ke7 15. Rac1 Rhd8 16. Nb3 a5 17. Ne1 Be8 18. Nd3 a4 19. Nbc5 Nd4 20. Rfe1 Nb3
21. Nxb3 axb3 22. Rxc8 Rxc8 23. Rc1 Rc4 24. Rc3 Rxc3 25. Bxc3 Nd5 26. Bb2 Bc7
27. Nc5 f6 28. Nxb3 Nb6 29. Nd2 e5 30. Be4 g6 31. Bd3 f5 32. e4 Bd7 33. Kf1 f4
34. gxf4 exf4 35. h4 Bd6 36. Bd4 Bc7 37. Bc5+ Kf6 38. Bd4+ Ke7 39. Ke2 Bg4+ 40.
Ke1 Bd7 41. Kd1 Bc6 42. Kc2 Ke6 43. Nf3 h6 44. Bg7 Nc4 45. Nd4+ Kd7 46. Bxc4
bxc4 47. Nxc6 Kxc6 48. Bxh6 Kb5 49. Bg7 f3 50. e5 Bb6 51. e6 Kc6 52. Be5 Bxf2
53. b5+ Kd5 54. e7 Kxe5 55. e8=Q+ Kf4 56. Qf7+ Ke3 57. Qxg6 Ke2 58. Qe4+ Be3
59. b6 1-0

[Event "WinterChess masters IM enero 2013"]
[Site "Palma de Mallorca ESP"]
[Date "2013.01.17"]
[Round "5.3"]
[White "Hirneise, Jens"]
[Black "Gavilan Diaz, Mario"]
[Result "1-0"]
[WhiteElo "2327"]
[BlackElo "2255"]
[PlyCount "77"]
[EventDate "2013.01.14"]
[EventType "tourn"]
[EventRounds "9"]
[EventCountry "ESP"]
[EventCategory "2"]
[Source "lmi"]
[SourceDate "2013.01.14"]

1. e4 e6 2. d4 d5 3. Nc3 Nf6 4. e5 Nfd7 5. Nce2 c5 6. c3 Nc6 7. Nf3 cxd4 8.
cxd4 f6 9. Nf4 Bb4+ 10. Bd2 Qe7 11. Bb5 fxe5 12. dxe5 O-O 13. Bxc6 Rxf4 14. O-O
Bxd2 15. Qxd2 Rf5 16. Bxd7 Bxd7 17. Qe3 Raf8 18. Nd4 Rf4 19. f3 Qc5 20. Rfd1
Qb6 21. b3 Rh4 22. g3 Rh6 23. Rac1 Rg6 24. Rc3 h6 25. Kg2 Rg5 26. h4 Rh5 27.
Rh1 Qa5 28. Rc2 Qd8 29. Rcc1 a6 30. Rce1 Qe7 31. Rc1 Qd8 32. b4 Qb8 33. f4 Qd8
34. Qe2 g6 35. Qc2 Kh7 36. Qc7 g5 37. Nxe6 Qxc7 38. Rxc7 Rf7 39. Rxd7 1-0

[Event "WinterChess masters IM enero 2013"]
[Site "Palma de Mallorca ESP"]
[Date "2013.01.17"]
[Round "5.4"]
[White "Ivanov, Jordan"]
[Black "Simonian, Tigran"]
[Result "1/2-1/2"]
[WhiteElo "2351"]
[BlackElo "2409"]
[PlyCount "36"]
[EventDate "2013.01.14"]
[EventType "tourn"]
[EventRounds "9"]
[EventCountry "ESP"]
[EventCategory "2"]
[Source "lmi"]
[SourceDate "2013.01.14"]

1. d4 d5 2. c4 e6 3. Nc3 Nf6 4. cxd5 exd5 5. Bg5 c6 6. e3 Nbd7 7. Bd3 Be7 8.
Qc2 O-O 9. Nf3 Re8 10. h3 Nf8 11. Bf4 Bd6 12. Bxd6 Qxd6 13. O-O-O b5 14. Kb1 a5
15. e4 dxe4 16. Nxe4 Nxe4 17. Bxe4 Ra6 18. Rhe1 Be6 1/2-1/2